[Event "Asia-ch U20 Girls"]
[Site "Bikaner"]
[Date "2004.12.24"]
[Round "4"]
[White "Gomes, Mary Ann"]
[Black "Sowmya, H."]
[Result "1/2-1/2"]
[WhiteElo "2183"]
[BlackElo "2007"]
[PlyCount "116"]
[EventDate "2004.12.22"]
[EventType "swiss"]
[EventRounds "11"]
[EventCountry "IND"]
[SourceTitle "CBM 104 Extra"]
[Source "ChessBase"]
[SourceDate "2005.03.01"]
[SourceVersion "1"]
[SourceVersionDate "2005.03.01"]
[SourceQuality "1"]

1. Nf3 Nf6 2. c4 c5 3. b3 g6 4. Bb2 Bg7 5. g3 0-0 6. Bg2 d6 7. d4 Na6 8. 0-0 Bg4 9. h3 Bd7 10. Nc3 Qc7 11. a3 cxd4 12. Nxd4 Nc5 13. Rc1 Qb6 14. b4 Ne6 15. Nxe6 Bxe6 16. c5 Qd8 17. cxd6 exd6 18. Nb5 Qd7 19. Nc7 Rac8 20. Nxe6 fxe6 21. e4 Rxc1 22. Qxc1 Nh5 23. Bxg7 Nxg7 24. Rd1 e5 25. Qd2 Qf7 26. Qxd6 Qxf2+ 27. Kh2 Qf6 28. Qd5+ Rf7 29. Rf1 Qe6 30. Rxf7 Kxf7 31. Qxb7+ Qe7 32. Qd5+ Kf6 33. Bf1 Ne6 34. Bc4 Nd4 35. Qg8 Kg5 36. h4+ Kh6 37. Qf7 Qxf7 38. Bxf7 Nc2 39. Bc4 Kg7 40. Bd3 Nxa3 41. Kh3 Kf6 42. Kg4 h5+ 43. Kf3 Ke7 44. Ke2 Kd6 45. Kd2 Kc6 46. Kc3 Nb5+ 47. Bxb5+ Kxb5 48. Kb3 a6 49. Kc3 Kb6 50. Kc4 Kc6 51. Kc3 Kb5 52. Kb3 Kc6 53. Kc4 Kd6 54. Kb3 Kc7 55. Ka3 Kc6 56. Kb3 Kb5 57. Kc3 Kb6 58. Kc4 Kc6 1/2-1/2